| 000 | 01047nam a22003257a 4500 | ||
|---|---|---|---|
| 003 | CHAP | ||
| 005 | 20220329135641.0 | ||
| 008 | 971013s1991 r 00010 d | ||
| 010 | _a39937 | ||
| 011 | _a40909 | ||
| 035 | _a45035 | ||
| 040 | _cCHAP | ||
| 082 |
_a630.281 _bL3 1991 |
||
| 100 | 0 | 0 |
_aLanger, R. H. M. _964747 |
| 245 | _aAgricultural plants | ||
| 250 | _a2 ed. | ||
| 260 |
_aLondon : _bCambridge University Press, _c1991 |
||
| 300 |
_a387 p. _b: ilus. |
||
| 590 |
_aBATCH-UPD _b10 _c20130110 _lUCH01 _h1041 |
||
| 590 |
_aBATCH-UPD _b10 _c20130410 _lUCH01 _h0640 |
||
| 590 |
_aBATCH-UPD _b10 _c20130914 _lUCH01 _h0745 |
||
| 590 |
_aCONVERSION _b10 _c20130109 _lUCH01 _h1322 |
||
| 650 | 1 | 4 |
_aBotánica agrÃcola. _914652 |
| 650 | 1 | 4 |
_aPlantas cultivadas. _988921 |
| 700 | 0 |
_aHill, G. D. _955420 |
|
| 901 | _aBK | ||
| 942 | _cLIBRO | ||
| 949 |
_a630.281 L3 1991 _bBC _cLIBRO _d33724000003299 _eLIBRO _gI.176215 _h88361 _i45035 _si _t317.85 |
||
| 949 |
_a630.281 L3 1991 _bBC _cLIBRO _d33724000685186 _eLIBRO _fc.2 _gI.176619 _h88362 _i45035 _si _t317.85 |
||
| 999 |
_c39937 _d39937 |
||